| 000 | nam a22 7a 4500 | ||
|---|---|---|---|
| 999 |
_c234987 _d234987 |
||
| 003 | Nust | ||
| 005 | 20170515174316.0 | ||
| 008 | 170404b xxu||||| |||| 00| 0 eng d | ||
| 040 |
_aDLC _bDLC _cRCMS |
||
| 082 | _a621.38 DEG | ||
| 100 |
_aDEGEM SYSTEMS _9234 |
||
| 245 |
_aDEGEM Technological Training Systems Experiments in Modern Communication _cCourse COM - 6 Time Division Multiplexing : Sampling & Multiplexing Pulse Code Modulation & Delta Modulation |
||
| 260 |
_aUSA _bDEGEM SYSTEMS _cc 1982 |
||
| 300 |
_a182 p: _bill: _c27,cm. |
||
| 538 | _iShelf # 15, Row # 6, Communication. | ||
| 650 |
_aModern Communication _9243 |
||
| 856 | _3Table of Content Only | ||
| 942 |
_2ddc _cBK |
||